| 000 | 01110cam a22002774a 4500 | ||
|---|---|---|---|
| 999 |
_c174506 _d174506 |
||
| 001 | 13299781 | ||
| 003 | Nust | ||
| 005 | 20170130164452.0 | ||
| 008 | 030804s2004 nyu 000 1 eng | ||
| 010 | _a 2003061131 | ||
| 020 | _a9780007166053 (acidfree paper) | ||
| 040 |
_aDLC _cDLC _dDLC |
||
| 041 | 1 |
_aeng _hpor |
|
| 042 | _apcc | ||
| 050 | 0 | 0 |
_aPQ9698.13.O3546 _bO5913 2004 |
| 082 | 0 | 0 |
_a823 _bCOE |
| 100 | 1 | _aCoelho, Paulo. | |
| 240 | 1 | 0 |
_aOnze minutos. _lEnglish |
| 245 | 1 | 0 |
_aEleven minutes / _cPaulo Coelho ; translated from the Portuguese by Margaret Jull Costa. |
| 250 | _a1st U.S. ed. | ||
| 260 |
_aNew York : _bHarperCollins Publishers, _c2004. |
||
| 300 |
_a291 p. ; _c22 cm. |
||
| 700 | 1 | _aCosta, Margaret Jull. | |
| 906 |
_a7 _bcbc _corignew _d1 _eocip _f20 _gy-gencatlg |
||
| 942 |
_2ddc _cBK |
||